| 000 | 01301cam a22001934a 4500 | ||
|---|---|---|---|
| 005 | 20250605164220.0 | ||
| 008 | 250528s ||||||||||||||||||||||||d | ||
| 035 | _a20640 | ||
| 020 | _a324027443 | ||
| 040 |
_aGR-AtMCL _bgre _dGR-AtMCL _eAACR2 |
||
| 245 | 1 | _aFinancial Markets and Institutions / Fifth Edition | |
| 260 |
_bSouth-Western Publishing Co, _c2001 |
||
| 300 | _a734 | ||
| 520 | _aOverview of the Financial Environment, Role of Financial Markets and Institutions, Determination of Interest Rates, Structure of Interest Rates, The Fed and Monetary Policy, Functions of the Fed, Monetary Theory and Policy, Debt Security Markets, Money Markets, Bond Markets, Bond Valuation and Risk, Mortage Markets, Equity Markets, Stock Markets, Stock Valuation and Risk, Derivative Security Markets, Financial Future Markets, Option Markets, Interest Rate Derivative Markets, Foreign Exchange Derivative Markets, Foreigm Exchange Derivative Markets, Commercial Banking, Commercial Risk Operations, Bank Regulation, Bank Management, Bank Performance, International Banking, Nonbank Operations, Thrift Operations, Consumer Finance Operations, Securities Operations, Insurance Operations, Pension Funds, Credit Unions. | ||
| 700 | 1 |
_aMadura Jeff _91583 |
|
| 942 | _cBK | ||
| 999 |
_c5729 _d5729 |
||